Prueba rápida de matemáticas - prueba corta de matemáticas - Quiz 22 - Estadísticas

Estadísticas generales
  • Esta prueba ha sido intentada 16 veces
  • La puntuación promedio es 14 de 15
Estadísticas de respuestas
Hint Respuesta % Correcto
7 49
100%
17 119
93%
25 175
93%
26 182
93%
34 238
93%
37 259
93%
49 343
93%
54 378
93%
63 441
93%
73 511
93%
11 77
93%
39 273
86%
41 287
86%
67 469
86%
69 483
79%
No se encontraron pruebas coincidentes
Distribución de puntuación
Porcentaje de gente con cada puntuación
Porcentaje por número respondido
Historial de tus puntuaciones
No has intentado esta prueba.